000 00448cam a2200181 a 4500
020 _a1555443761
020 _a9781555443764
040 _cNRC
082 0 4 _a001 SAS 1990 A003 Or.
245 0 0 _aSAS/STAT user's guide :
_bversion 6
250 _a4th ed
260 _aCary, NC :
_bSAS Institute,
_cc1990
300 _a2 v. :
_bill. ;
_c28 cm
650 0 _aMathematical statistics
650 0 _aStatistics
710 2 _aSAS Institute
942 _cEK
999 _c16458
_d16458